Представление документа в формате MARC21

Поле Инд. ПП Название Значение
Тип записи a
Библиографический уровень b
001 Контрольный номер RU/IS/BASE/323367760
005 Дата корректировки 20200608194348.1
008 Кодируемые данные 20100331
040 b Код языка каталог. rus
e Правила каталог. PSBO
041 0_ a Код языка текста rus
084 a Индекс другой классификации/Индекс ББК 81г; 81в06
100 1_ a Автор Даниленко В. П.
245 10 a Заглавие Четыре "революции" в истории европейского языкознания
504 a Библиография Библиогр. ссылки
600 14 a Персоналии Соссюр Фердинанд де
a Персоналии Гумбольдт Вильгельм
650 04 a Основная рубрика общее языкознание
a Основная рубрика филологические науки
a Основная рубрика языкознание
653 0_ a Ключевые слова диахронический подход
a Ключевые слова история языкознания
a Ключевые слова лингвистическая историография
a Ключевые слова ономасиологический подход
a Ключевые слова Пор-Рояля грамматика
a Ключевые слова семасиологический подход
773 08 t Заглавие источника Филологические науки
d Дата издания источника 2009
g Прочая информация № 2. - С. 55 - 63
w Контрольный № источника RU/IS/BASE/293108061
901 t Тип документа b